000 00522nam a22001937a 4500
005 20231106121641.0
008 231106b ||||| |||| 00| 0 eng d
020 _a9789391447182
040 _aIN-DiNC
_cIN-DiNC
041 _dasm
082 _a301
_bPHU
100 _aPhukan, Diganta Kumar
_eauthor
245 _aParibeshiya samajtattwa/
_cby Diganta Kumar Phukan
250 _a2nd ed.
260 _aGolaghat:
_bSaraswati prakashan,
_c2023.
300 _a208p.
650 _aEnvironmental sociology
942 _2ddc
_cBK
999 _c11715
_d11715